Monster House [

General viewing for all ages (U)

Bibliographic Details
Main Author: Kenan, Gil
Format: Book
Published: s.l. : Columbia Pictures , 2006
Subjects:

MARC

LEADER 00000cam a2200000 7i4500
001 0000166301
005 20120927.0
090 0 0 |a F   |b MON 
100 1 |a Kenan, Gil 
245 1 0 |a Monster House [  |h digital video disc]   |c Gil Kenan 
260 |a s.l. :   |b Columbia Pictures ,   |c 2006 
300 |a 1 digital video disc (91 minutes) :   |b col 
500 |a Library has 2 copies 
520 0 |a General viewing for all ages (U) 
650 0 0 |a Movies, Animation 
650 0 0 |a Movies, English 
999 |a AV 30443   |b DIGITAL VIDEO DISC   |c PINJAMAN   |e PERPUSTAKAAN KOMUNITI PETALING JAYA 
999 |a AV 30444   |b DIGITAL VIDEO DISC   |c PINJAMAN   |e PERPUSTAKAAN KOMUNITI PETALING JAYA